000 00846nam a2200265Ia 4500
003 OSt
005 20220926012256.0
006 a|||||r|||| 00| 0
007 ta
008 220923b |||||||| |||| 00| 0 eng d
020 _a0521404649
037 _cGeneral Book
040 _aRTL
_cRTL
_beng
041 _2eng
_aeng
082 _aY9(L:5191).3.M, N7
100 _aDobson Mary J
_9315974
245 0 _aContours of death and disease in early modern England
260 _aNew York
_bCambridge University Press
_c1997
300 _axix,647p
_ccm.
490 _aCambridge Studies in Population, Economy and Society in Past Time,29
500 _aBibliography: p 540-621
650 _aMedical Sociology Vital Statistics
_9315975
942 _hY9(L:5191).3.M, N7
_cGB
_2CC
999 _c622314
_d622314